Die Flüchtlingsfrage in Deutschland nach 1945
| Titel: | Die Flüchtlingsfrage in Deutschland nach 1945 : Geschichte, Forschung, Erinnerung / Mathias Beer |
|---|---|
| Verfasser: | |
| Veröffentlicht: | Göttingen : V&R unipress, [2025] |
| Umfang: | 474 Seiten |
| Format: | Buch |
| Sprache: | Deutsch |
| Schriftenreihe/ mehrbändiges Werk: |
Migration in Wirtschaft, Geschichte & Gesellschaft ; Band 3 |
| RVK-Notation: | |
| Andere Ausgaben: |
Erscheint auch als Online-Ausgabe: Die Flüchtlingsfrage in Deutschland nach 1945. - Göttingen : Vandenhoeck & Ruprecht, V&R unipress, 2025. - Online-Ressource
Erscheint auch als Online-Ausgabe |
| ISBN: | 9783847118114 ; 3847118110 |
| Hinweise zum Inhalt: |
Cover
Abstract Inhaltsverzeichnis |
alg: 52952275 001A $00034:28-04-25 001B $06000:12-03-26 $t17:28:55.000 001D $00034:06-05-25 001U $0utf8 001X $00 002@ $0Aau 002C $aText $btxt $2rdacontent 002D $aohne Hilfsmittel zu benutzen $bn $2rdamedia 002E $aBand $bnc $2rdacarrier 003@ $0529522756 003O $01456318427 $aOCoLC 004A $A978-3-8471-1811-4 $fFesteinband : EUR 80.00 (DE), EUR 83.00 (AT) 004A $03-8471-1811-0 004K $09783847118114 006C $01456318427 $aOCoLC 006G $01341920208 006T $024,N38 006U $026,A11 $f20240913 007A $01341920208 $aDNB 009P $qapplication/pdf $A2 $3Cover $uhttp://scans.hebis.de/HEBCGI/show.pl?52952275_cov.pdf $mV:DE-603;B:DE-Mb50 009P $qapplication/pdf $A2 $3Abstract $uhttp://scans.hebis.de/HEBCGI/show.pl?52952275_sum.pdf $mV:DE-603;B:DE-Mb50 009P $qapplication/pdf $A2 $3Inhaltsverzeichnis $uhttp://scans.hebis.de/HEBCGI/show.pl?52952275_toc.pdf $mV:DE-603;B:DE-Mb50 010@ $ager 010E $erda 011@ $a2025 $n[2025] 011F $n2025 021A $aDie @Flüchtlingsfrage in Deutschland nach 1945 $dGeschichte, Forschung, Erinnerung $hMathias Beer 028A $BVerfasser $#Beer, Matthias $4aut $7112090168 $8Beer, Mathias$Z1957- [Tp1] $9146581601 033A $pGöttingen $nV&R unipress 034D $a474 Seiten 036E $aMigration in Wirtschaft, Geschichte & Gesellschaft$X2701-1666 $lBand 3 037A $aLiteraturangaben 039D $aErscheint auch als $tDie Flüchtlingsfrage in Deutschland nach 1945 $dGöttingen $eVandenhoeck & Ruprecht $52701-1666 $fV&R unipress, 2025 $g1. Auflage $hOnline-Ressource $nOnline-Ausgabe 039D $aErscheint auch als $z978-3-7370-1811-1 $nOnline-Ausgabe 044K $RDeutsches Sprachgebiet $RDeutschland $RDeutschland $#Deutsche Länder $#Germany Deutschland $#Heiliges Römisches Reich $#Rheinbund $#Deutscher Bund $#Norddeutscher Bund $#Deutsches Reich $#Deutschland Gebiet unter Alliierter Besatzung $#Deutschland Bundesrepublik, 1990- $#BRD 1990- $#Federal Republic of Germany Deutschland $#Republic of Germany Deutschland $#Allemagne Deutschland $#Ǧumhūrīyat Almāniyā al-Ittiḥādīya $#Bundesrepublik Deutschland 1990- $#BRD $#Niemcy $#République Fédérale d'Allemagne Deutschland $#Repubblica Federale di Germania Deutschland $#Germanija $#Federativnaja Respublika Germanija $#FRG $#Deyizhi-Lianbang-Gongheguo $74011882-4 $8Deutschland [Tg1] $9085025550 044K $#Refugees Government policy $#Réfugiés Politique publique $74188104-7 $8Vertriebenenpolitik [Ts1] $9085924474 044K $RPreußen $RDeutsche Ostgebiete $RDeutschland $RDeutschland $RDeutschland $#Deutschland, Ost $#Ostelbien $#Mitteldeutschland Ostdeutschland $74225299-4 $8Ostdeutschland [Tg1] $9086170732 044K $RFlucht $RUmsiedlung $#Forced migration $#Transferts de population $#Nettoyage ethnique $#Migración forzosa $#Vertreibung $#Ethnische Säuberung $#Vertreibung $#Zwangsumsiedlung/Deportation $#Zwangsumsiedlung $#Ethnische Säuberung $#Zwangsmigration $74063299-4 $8Vertreibung [Ts1] $9085177385 044K $REingliederung $#Absorption $#Intégration $#integration $#Integration $#Integration $#Integration $74027238-2 $8Integration [Ts1] $9085069124 044K $RGeschichtsbild $RKollektives Gedächtnis $71041864515 $8Geschichtspolitik [Ts1] $9331401363 044K $RAuswanderung $RVertreibung $#Escapes $#Évasions $#Flucht $#Flucht $#Entweichen Flucht $#Entfliehen $74017598-4 $8Flucht [Ts1] $9085041114 044K $RGruppe $#Minorities $#Minorités $#Minderheit $#Minderheit $#Minderheit $#Minderheitsgruppe $#Minorität $#Minoritätsgruppe $74752223-9 $8Minderheit [Ts1] $9114439052 044K $qDNB $RDeutscher Flüchtling $RWeibliche Vertriebene $RDeutsche $#Réfugiés allemands $#Vertriebener $#Heimatvertriebener $#Ostvertriebener $#Vertriebene $#Deutsche Flüchtling Weltkrieg 1939-1945 $#Deutsche Ostgebiete Vertriebener $74078868-4 $8Vertriebener [Ts1] $9085223840 044K $qDNB $RIntegration $RAssimilation $#Social integration $#Intégration sociale $#Integrazione sociale $#Soziale Integration $#soziale Integration $#Soziale Integration $#Gesellschaftliche Integration $#Soziale Eingliederung $74077570-7 $8Soziale Integration [Ts1] $9085219835 044K $qDNB $REinwanderungspolitik $#Refugees Government policy $#Réfugiés Politique publique $#Refugiados Política gubernamental $#Flüchtlingspolitik $#Flüchtlingspolitik $#Flüchtling Politik $74154680-5 $8Flüchtlingspolitik [Ts1] $9085654388 044K $qDNB $RSozialarbeit $#Aide aux réfugiés $#Flüchtlingshilfe $74128300-4 $8Flüchtlingshilfe [Ts1] $9085444782 045E $c943 $c300 $c320 045F $a305.80094370904 $eDDC23BSB 045F/01 $a305.8009 045F/03 $f0904 045F/03 $f0905 045F/03 $g43 045F/03 $g437 045R $aGeschichte 1945-2024 045Z $8NQ 5975 [Tkv] $9410916455 046C $aMWGG 3 $bAuf dem Buchrücken lok: 52952275 11 exp: 52952275 11 1 #EPN 201B/01 $027-01-26 $t13:18:29.000 201C/01 $022-01-26 201U/01 $0utf8 203@/01 $01332613071 208@/01 $a27-01-26 $bz 209A/01 $a60 26 A 463 $du $f100 $x00 209B/01 $a020/2601 $x05 209G/01 $a84687480 $x00 247C/01 $8620100-3 <43>Wiesbaden, Hochschul- und Landesbibliothek RheinMain, Rheinstraße $9102599572 lok: 52952275 23 exp: 52952275 23 1 #EPN 201B/01 $006-05-25 $t14:55:37.000 201C/01 $029-04-25 201U/01 $0utf8 203@/01 $01303424975 208@/01 $a06-05-25 $bz 209A/01 $a35 NQ 5975 B415 $du $f030 $hNQ 5975 B415 $x00 209G/01 $a29286957 $x00 247C/01 $8352030-4 <34/30>Kassel, UB Kassel, Standort Brüder-Grimm-Platz, Landesbibliothek und Murhardsche Bibliothek der Stadt Kassel $9102599475 lok: 52952275 24 exp: 52952275 24 1 #EPN 201B/01 $015-05-25 $t14:32:26.000 201C/01 $015-05-25 201U/01 $0utf8 203@/01 $01304548376 208@/01 $a15-05-25 $bz 209A/01 $a25.02480 $du $f050 $h25 02480 $x00 209C/01 $a25.02480 T $h25 02480 T 209G/01 $a75044402 $x00 220C/01 $awei 247C/01 $8358050-7Marburg, Bibliothek des Herder-Instituts Marburg $9102600961 lok: 52952275 78 exp: 52952275 78 1 #EPN 201B/01 $025-09-25 $t15:00:48.000 201C/01 $025-09-25 201U/01 $0utf8 203@/01 $01318365635 208@/01 $a25-09-25 $be 209A/01 $a/ $f000 $x00 209A/01 $ab*p $x01 220C/01 $apgar 244Z/01 $#Ostmitteleuropa $#Ostmitteleuropa $#Mitteleuropa, Ost $#Central Europe Ostmitteleuropa $#Mittelosteuropa $74075753-5 $8--Tg1--Ostmitteleuropa $x05 $9085214485 247C/01 $82080>Marburg/Lahn, Herder-Institut, Forschungsbibliothek, Bibliographieportal $9336309341
| LEADER | 00000cam a2200000 c 4500 | ||
|---|---|---|---|
| 001 | 529522756 | ||
| 003 | DE-603 | ||
| 005 | 20260312172855.0 | ||
| 007 | tu | ||
| 008 | 250428s2025 xx |||| | u00||u|ger | ||
| 015 | |a 26,A11 |z 24,N38 |2 dnb | ||
| 016 | 7 | |2 DE-101 |a 1341920208 | |
| 020 | |a 9783847118114 |c Festeinband : EUR 80.00 (DE), EUR 83.00 (AT) | ||
| 020 | |a 3847118110 | ||
| 024 | 3 | |a 9783847118114 | |
| 035 | |a (DE-599)DNB1341920208 | ||
| 035 | |a (OCoLC)1456318427 | ||
| 040 | |a DE-603 |b ger |c DE-603 |d DE-603 |e rda | ||
| 041 | |a ger | ||
| 082 | 0 | 4 | |8 1\u |a 305.80094370904 |q DE-101 |2 23/BSB |
| 084 | |a 943 |a 300 |a 320 |q DE-101 |2 sdnb | ||
| 084 | |a NQ 5975 |0 (DE-625)128674: |0 (DE-603)410916455 |2 rvk | ||
| 085 | |8 1\u |b 305.8009 | ||
| 085 | |8 1\u |z 1 |s 0904 | ||
| 085 | |8 1\u |z 1 |s 0905 | ||
| 085 | |8 1\u |z 2 |s 43 | ||
| 085 | |8 1\u |z 2 |s 437 | ||
| 100 | 1 | |a Beer, Mathias |d 1957- |e Verfasser |4 aut |0 (DE-603)146581601 |0 (DE-588)112090168 |2 gnd | |
| 245 | 0 | 0 | |a Die Flüchtlingsfrage in Deutschland nach 1945 |b Geschichte, Forschung, Erinnerung |c Mathias Beer |
| 246 | 1 | |i Auf dem Buchrücken |a MWGG 3 | |
| 264 | 1 | |a Göttingen |b V&R unipress |c [2025] | |
| 264 | 4 | |c 2025 | |
| 300 | |a 474 Seiten | ||
| 336 | |a Text |b txt |2 rdacontent | ||
| 337 | |a ohne Hilfsmittel zu benutzen |b n |2 rdamedia | ||
| 338 | |a Band |b nc |2 rdacarrier | ||
| 490 | 0 | |a Migration in Wirtschaft, Geschichte & Gesellschaft$X2701-1666 |v Band 3 | |
| 500 | |a Literaturangaben | ||
| 648 | 7 | |a Geschichte 1945-2024 |2 gnd | |
| 650 | 7 | |a Vertriebenenpolitik |0 (DE-588)4188104-7 |0 (DE-603)085924474 |2 gnd | |
| 650 | 7 | |a Vertreibung |0 (DE-588)4063299-4 |0 (DE-603)085177385 |2 gnd | |
| 650 | 7 | |a Integration |0 (DE-588)4027238-2 |0 (DE-603)085069124 |2 gnd | |
| 650 | 7 | |a Geschichtspolitik |0 (DE-588)1041864515 |0 (DE-603)331401363 |2 gnd | |
| 650 | 7 | |a Flucht |0 (DE-588)4017598-4 |0 (DE-603)085041114 |2 gnd | |
| 650 | 7 | |a Minderheit |0 (DE-588)4752223-9 |0 (DE-603)114439052 |2 gnd | |
| 650 | 7 | |a Vertriebener |0 (DE-588)4078868-4 |0 (DE-603)085223840 |2 gnd | |
| 650 | 7 | |a Soziale Integration |0 (DE-588)4077570-7 |0 (DE-603)085219835 |2 gnd | |
| 650 | 7 | |a Flüchtlingspolitik |0 (DE-588)4154680-5 |0 (DE-603)085654388 |2 gnd | |
| 650 | 7 | |a Flüchtlingshilfe |0 (DE-588)4128300-4 |0 (DE-603)085444782 |2 gnd | |
| 651 | 7 | |a Deutschland |0 (DE-588)4011882-4 |0 (DE-603)085025550 |2 gnd | |
| 651 | 7 | |a Ostdeutschland |0 (DE-588)4225299-4 |0 (DE-603)086170732 |2 gnd | |
| 776 | 0 | 8 | |i Erscheint auch als |n Online-Ausgabe |t Die Flüchtlingsfrage in Deutschland nach 1945 |b 1. Auflage |d Göttingen : Vandenhoeck & Ruprecht, V&R unipress, 2025 |h Online-Ressource |x 2701-1666 |
| 776 | 0 | 8 | |i Erscheint auch als |n Online-Ausgabe |z 9783737018111 |
| 856 | 4 | 2 | |m V:DE-603;B:DE-Mb50 |q application/pdf |u http://scans.hebis.de/HEBCGI/show.pl?52952275_cov.pdf |3 Cover |
| 856 | 4 | 2 | |m V:DE-603;B:DE-Mb50 |q application/pdf |u http://scans.hebis.de/HEBCGI/show.pl?52952275_sum.pdf |3 Abstract |
| 856 | 4 | 2 | |m V:DE-603;B:DE-Mb50 |q application/pdf |u http://scans.hebis.de/HEBCGI/show.pl?52952275_toc.pdf |3 Inhaltsverzeichnis |
| 924 | 0 | |9 43 |a (DE-603)1332613071 |b DE-43 |c HES |d c |g 60 26 A 463 | |
| 924 | 0 | |9 34/30 |a (DE-603)1303424975 |b DE-34-30 |c HES |d c |g 35 NQ 5975 B415 | |
| 924 | 0 | |9 Mb 50 |a (DE-603)1304548376 |b DE-Mb50 |c HES |d c |g 25.02480 | |
| 924 | 0 | |9 2080 |a (DE-603)1318365635 |b DE-2080 |c HES |d d |g / | |


